Jakość i bezpieczeństwo żywności
Saved in:
| Main Author: | |
|---|---|
| Format: | Book Chapter |
| Language: | Polish |
| Tags: |
No Tags, Be the first to tag this record!
|
MARC
| LEADER | 00000naa$a2200000$$$4500 | ||
|---|---|---|---|
| 001 | 0173544 | ||
| 005 | 20240502083414.4 | ||
| 041 | 0 | |a pol | |
| 044 | |a PL | ||
| 245 | 1 | 0 | |a Jakość i bezpieczeństwo żywności |c Małgorzata Kosiorowska |
| 100 | 1 | |a Kosiorowska, Małgorzata, 1978- | |